[Event "Barcelona Rubi op-B 5th"]
[Site "Barcelona"]
[Date "2004.04.??"]
[Round "7"]
[White "Carceller Caballero, Marc"]
[Black "Turon Coll, Ponc"]
[Result "1-0"]
[WhiteElo "1860"]
[BlackElo "1740"]
[PlyCount "93"]
[EventDate "2004.04.25"]
[EventType "swiss"]
[EventRounds "7"]
[EventCountry "ESP"]
[SourceTitle "EXT 2007"]
[Source "ChessBase"]
[SourceDate "2006.11.23"]
[SourceVersion "1"]
[SourceVersionDate "2006.11.23"]
[SourceQuality "1"]

1. e4 e5 2. Nf3 Nc6 3. Bc4 h6 4. d3 a6 5. Be3 d6 6. Nc3 Nf6 7. h3 Na7 8. Qd2 Nc6 9. a3 Qe7 10. Nd5 Nxd5 11. Bxd5 Nd8 12. 0-0-0 c6 13. Bb3 Be6 14. Bxe6 Qxe6 15. Kb1 d5 16. Qa5 Bd6 17. g4 f6 18. Bc5 d4 19. Nh4 g5 20. Nf5 Bf8 21. Qc7 Qf7 22. Qb6 Ne6 23. Bxf8 Kxf8 24. Nd6 Qc7 25. Qxb7 Qxb7 26. Nxb7 Rb8 27. Nd6 Rh7 28. h4 Rd7 29. Nf5 Rh7 30. hxg5 Nxg5 31. Rxh6 Rxh6 32. Nxh6 Kg7 33. Nf5+ Kf7 34. Rf1 Rh8 35. f4 exf4 36. Rxf4 c5 37. Nd6+ Ke6 38. Nb7 Rc8 39. Rf5 c4 40. Nc5+ Ke7 41. Nxa6 Rc6 42. Nb4 Rc7 43. e5 cxd3 44. Nxd3 Ne4 45. exf6+ Ke6 46. Re5+ Kxf6 47. Rxe4 1-0

[Event "Barcelona Rubi op-B 5th"]
[Site "Barcelona"]
[Date "2004.04.??"]
[Round "1"]
[White "Turon Coll, Ponc"]
[Black "Estape Jorba, Miquel"]
[Result "0-1"]
[WhiteElo "1740"]
[BlackElo "1905"]
[PlyCount "72"]
[EventDate "2004.04.25"]
[EventType "swiss"]
[EventRounds "7"]
[EventCountry "ESP"]
[SourceTitle "EXT 2007"]
[Source "ChessBase"]
[SourceDate "2006.11.23"]
[SourceVersion "1"]
[SourceVersionDate "2006.11.23"]
[SourceQuality "1"]

1. e4 g6 2. d4 Bg7 3. c3 d5 4. e5 c5 5. h3 cxd4 6. Nf3 dxc3 7. Nxc3 e6 8. Bb5+ Bd7 9. Bxd7+ Nxd7 10. Qa4 a6 11. Qf4 Qc7 12. Qh4 Nxe5 13. Nxe5 Qxe5+ 14. Ne2 d4 15. Qf4 Qxf4 16. Nxf4 Rc8 17. 0-0 Ne7 18. Nd3 0-0 19. Bd2 Nc6 20. Rac1 e5 21. Nc5 Rc7 22. Rfe1 Rfc8 23. b3 Nb8 24. f4 Rxc5 25. Rxc5 Rxc5 26. fxe5 Bxe5 27. Bb4 Rd5 28. Rc1 Nc6 29. Bd2 f6 30. Bh6 g5 31. Kf2 Bf4 32. Re1 Re5 33. Rd1 Rc5 34. Re1 Be3+ 35. Kf3 Rc2 36. g3 f5 0-1